00647nam a22001937a 450000500170000001000140001702000260003103500130005703700130007008200130008310000220009624500990011826000380021727000710025530000260032650000400035265000290039265000320042120100809123826.0 aENG-99054 a9788190716659c150.00 aEN-82586 bDBAD/PUB a954.0841 aSenthil Kumar, D. aHistory of freedom struggle :bwith special reference to Tiruchirapalli /cby D. Senthil Kumar aChennaibSakthi Pathippakamc2008 aPlot No. 136, Rajaji Nagar 3rd Street, MadipakkambChennaie600091 axii,196p.c21cm (pbk) aIncludes bibliographical references aIndian national movement aHistory of freedom struggle